Library Banner

Life after partition (Record no. 67727)

MARC details
000 -LEADER
fixed length control field 00458nam a22001577a 4500
005 - DATE AND TIME OF LATEST TRANSACTION
control field 20150311152154.0
008 - FIXED-LENGTH DATA ELEMENTS--GENERAL INFORMATION
fixed length control field 150311b xxu||||| |||| 00| 0 eng d
020 ## - INTERNATIONAL STANDARD BOOK NUMBER
International Standard Book Number 9780195978346
040 ## - CATALOGING SOURCE
Transcribing agency PK-LaUMT
082 ## - DEWEY DECIMAL CLASSIFICATION NUMBER
Classification number KHC 954.91804
Item number SAR-L
100 ## - MAIN ENTRY--PERSONAL NAME
Personal name Sarah Ansari
245 ## - TITLE STATEMENT
Title Life after partition
Remainder of title migration, community and strife in Sindh: 1947-62
Statement of responsibility, etc Sarah Ansari
260 ## - PUBLICATION, DISTRIBUTION, ETC. (IMPRINT)
Place of publication, distribution, etc Karachi
Name of publisher, distributor, etc Oxford University press
Date of publication, distribution, etc 2006
300 ## - PHYSICAL DESCRIPTION
Extent 240 p.
942 ## - ADDED ENTRY ELEMENTS (KOHA)
Koha item type Books
Holdings
Withdrawn status Lost status Damaged status Home library Current library Date acquired Full call number Barcode Date last seen Price effective from Koha item type
      UMT Main Campus UMT Main Campus 2015-03-11 KHC 954.91804 SAR-L 73865 2015-03-11 2015-03-11 Books